Ochrana spotrebiteľa vo svetle nových právnych predpisov

Bibliographic Details
Main Author: Koval, Július (Author)
Format: Article
Language:Slovak
ISBN:8023001302
Subjects:

MARC

LEADER 00000nab a2200000 a 4500
001 vtls000574773
003 SK-MaSNL
005 20260303013119.0
008 160202c1993 xo 0 slo
015 |a SNBRA19rr/mm-uuuuu 
035 |a CL0574911 
040 |a SNKBUCL  |b slo  |c SNKBUCL  |e AACR2 
041 0 |a slo 
044 |a xo  |c SK 
080 |a 339.379(437.6):351.824.5(437.6):347.7:347.451.031  |2 1981 
080 |a 351.824.5(437.6)  |2 1981 
080 |a 347.7  |2 1981 
080 |a 347.451.031  |2 1981 
100 1 |a Koval, Július  |4 aut  |9 951113 
245 1 0 |a Ochrana spotrebiteľa vo svetle nových právnych predpisov  |c Július Koval 
650 0 7 |a ochrana spotrebiteľa  |2 snkbucl  |9 2673 
655 7 |a články zo zborníkov  |2 snkbucl  |9 166140 
773 0 |t Intenzívnejšie v činnosti prevádzkových jednotiek spoločného stravovania  |d Banská Bystrica : Dom techniky ZSVTS, 1993  |g S. 46-49  |z 8023001302 
850 |a Slovenská národná knižnica v Martine  |a MTA001 
852 |a SNK  |b KIS3GCP 
958 |a RK 
958 |a SK 
992 |a RZB 
999 |c 1600788  |d 1602718